[Event "Chelyabinsk 7.3"]
[Site "Wijk aan Zee NED"]
[Date "2006.01.24"]
[Round "7.3"]
[White "Karjakin, Sergey"]
[Black "Topalov, Veselin"]
[Result "0-1"]
[WhiteElo "2660"]
[BlackElo "2801"]
[EventDate "2006.01.14"]
[Annotator "Rogozenco"]

1. e4 c5 2. Nf3 Nc6 3. d4 cxd4 4. Nxd4 Nf6 5. Nc3 e5 6. Ndb5 d6 7. Bg5 a6 
8. Na3 b5 9. Nd5 Be7 10. Bxf6 Bxf6 11. c3 Bg5 12. Nc2 O-O 13. a4 bxa4 14. 
Rxa4 a5 15. Bc4 Rb8 16. Ra2 ( 16. b3 Kh8 17. Nce3 g6 ( {Here after} 
17. ... Bxe3 18. Nxe3 Ne7 19. O-O f5 ( 19. ... Bb7 20. Qc2!? += ) 20. exf5
Nxf5 21. Nxf5 Bxf5 22. Qd5 {White keeps an edge} ) 18. h4 Bxh4 19. g3 ~ ) 
16. ... Kh8 17. Nce3 Bxe3!? {The simplest way to equalize. A logical and 
very likely a most reliable decision. As soon as white knight appears on 
e3, it is sensible to exchange it for the dark-squared bishop - such is 
one of the principal tactical methods in the Cheliabinsk Variation } ( 
17. ... g6 18. h4 Bxh4 19. g3 {leads to a much more complicated play. It 
is important for White here that he can play b2-b4 (in opposite to a 
similar position after 16.b3, see above).} ) ( 17. ... Ne7 18. O-O Nxd5?! 
19. Nxd5 f5 20. exf5 Bxf5 21. Qe2 Be6 22. Rd1 Rc8 23. Ra3 Rc6 24. Ba2 Rc8
?! ( 24. ... Rc5! ) 25. Ne3 Bxa2 26. Rxa2 Bxe3 27. Qxe3 Rc5 28. Qxc5! dxc5
29. Rxd8 Rxd8 {1-0(49) Tseshkovsky, Vitaly (2530) - Vukic, Milan (2505) / 
Banja Luka (?), Banja Luka BIH 1981} ) 18. Nxe3 Ne7 19. b3!? N {
Interesting novelty, which, however, can hardly change much. White's edge 
is insignificant. 

At the moment the game was played this move had been a novelty. White 
immediately transfers the b2-pawn to a stronger position} ( 19. O-O f5 20.
 exf5 Nxf5 21. Nd5 ( 21. Nxf5 Bxf5 =, quiet 22. Qd2 ) ( 21. Bd5 Qc7 22. 
Nxf5 Bxf5 23. Qd2 Rb5 24. Re1 Rfb8 25. h3 a4 26. g4 Bd7 27. c4 Rb4 28. Re3
Bc6 29. Rc3 Qc8 {1/2-1/2 Heyn,U-Fritsche,F (1975)/DESC email 2001} ) 
21. ... Ne7 =, quiet ) 19. ... f5 20. exf5 Nxf5 21. Nd5 Bb7 ( {The meaning
of White's 19th move becomes clear from the variation  The idea of 19.b3 
is that Black cannot exchange the knights at once:} 21. ... Ne7 {in view 
of} 22. Nxe7 Qxe7 23. Rxa5 {winning a pawn.} ) 22. O-O Rc8 {A good idea, 
keeping the pressure. The rook can often go to a good square c5.} 23. Qd3 
Nh4 {Active deployment of black pieces that watch the g2-square closely 
fully compensates strategic benefits of the opponent's position.} ( 
23. ... Rc5!? 24. b4 axb4 25. cxb4 Rc8 {nd black knight has the d4-square 
at its disposal} ) 24. Rd1 h6 {Time to evaluate the position. Thanks to 
the tricky 19.b3 White succeeded to avoid a quick simplification of the 
position. On the other hand Black has little to complain about - his 
pieces are active, which should be enough to compensate a slightly 
inferior pawn structure.} ( 24. ... Qg5?! {brings nothing in view of} 25. 
Qg3 {and in case of the exchange the weakness of the a5-pawn starts to 
tell} ) 25. Qg3 ( 25. Rad2 {allows} 25. ... a4! {with the idea} 26. bxa4 
Qg5 {and Black takes over the initiative. 27.Qg3 is not possible because 
the queen must protect the bishop on c4.} ) 25. ... Nf5 26. Qg4 Rc5 27. 
Rad2 {White also nicely centralized his pieces, but on the other hand now 
he will have to keep bishop c4 under queen protection in order to prevent 
...a4.} ( 27. b4!? axb4 28. cxb4 Rc8 29. Ra7 Bxd5 30. Bxd5 Qf6 31. Ra2 Nd4
32. h3 += ) 27. ... Bc8 {Threatening Ne3} 28. Qe4 {An introduction to 
creating a battery Q+B on the b1-h7 diagonal} ( 28. Qe2 Qg5 â†‘ ) 28. ... 
Bb7 ( {After} 28. ... Qg5 {White has} 29. f4! exf4 30. Rf2! {and the 
position opens in White's favour} ( 30. Nxf4? Re5 ) ) 29. h3?! ( 29. Qg4 
âŒ“ =, quiet Bc8 ) 29. ... Nh4 30. Bd3?! {White overestimates his 
position. Black is not worse and attempts to play for a win are not 
justified. Karjakin should have tried to wait and hold the balance.} 
30. ... Rf5! 31. Bb1? {This is already a blunder.} ( 31. Bc4 âŒ“ ) ( 31. 
c4 Bxd5 32. cxd5 Qg5 ( 32. ... Kg8 =+ ) 33. Rc2 Rxc2 34. Bxc2 Kg8 {with 
approximately even chances} ) 31. ... Rxc3! 32. Qg4 h5 33. Qe2? { Leads to
a defeat} ( 33. Qa4! Bc6 ( 33. ... Qg5? 34. Qe8+ Kh7 35. Bxf5+ +- ) 34. 
Nxc3 Bxa4 35. Bxf5 Nxf5 36. bxa4 -/+ ) 33. ... Qg5! -+ {Now black threats 
on the K-side are much too dangerous } 34. f4 ( 34. Be4 Rcf3! 35. Bxf3 
Rxf3 36. g3 Rxb3 -+ ) 34. ... Rxf4 35. Kh1 Nxg2 36. Qxg2 ( {After} 36. 
Nxc3 {many moves win. The strongest is} 36. ... Qh4 37. Kh2 Ne3 38. Qxe3 
Rf3 39. Qxf3 Bxf3 -+ ) 36. ... Rg3 ( {Again} 36. ... Qh4 {is the quickest 
win.  simpler way to win is} 37. Bd3 ( 37. Nxf4 Bxg2+ -+ ) 37. ... Rd4 ) 
37. Nxf4 Bxg2+ ( 37. ... exf4?? 38. Qxb7 Rxh3+ 39. Rh2 +- ) 38. Nxg2 Rxh3+
39. Kg1 Rg3 40. Rf2 {With a threat of mate in one move} 40. ... Kg8 41. 
Rxd6 ( {After} 41. Kh2 {Black has the interesting possibility} 41. ... 
Rh3+ 42. Kxh3 Qg4+ 43. Kh2 Qxd1 44. Be4 Qxb3 {and with so many pawns the 
position should be winning rather easy.} ) 41. ... h4! {White is helpless 
against the further advance of the h-pawn.} 42. Rc6 Qg4 {Accuracy is 
required, of course.} ( 42. ... h3?? 43. Rc8+ +- ) 43. Bf5 ( 43. Rd6 e4 
44. Rd4 h3 45. Bxe4 Qg5 46. Rd5 Qe7 47. Re2 Qa7+ 48. Kh2 hxg2 49. Rxg2 
Rxg2+ 50. Kxg2 Qe3 -+ ) 43. ... Rxg2+! 44. Rxg2 Qxf5 45. Rcg6 Qf7 46. R6g4
Qf6 47. Kh2 Kf7 48. Kh3 e4 49. Rg5 ( 49. Rxh4 g5 50. Rhg4 e3 51. Kg3 Qf1 
52. Rxg5 ( 52. Re4 Qd3 53. Rg4 e2+ 54. Kf2 Qd2 ) 52. ... e2 53. Rf2+ Ke6 )
49. ... e3 50. Kxh4 g6 0-1

[Event "Chelyabinsk 7.4"]
[Site "Wijk aan Zee 61"]
[Date "1999.??.??"]
[Round "7.4"]
[White "Kasparov, Garry"]
[Black "Van Wely, Loek"]
[Result "1-0"]
[WhiteElo "2810"]
[BlackElo "2635"]
[EventDate "1999.??.??"]
[Annotator "JvR"]
[PlyCount "87"]

1. e4 c5 2. Nf3 Nc6 3. d4 cxd4 4. Nxd4 Nf6 5. Nc3 e5 6. Ndb5 d6 7. Bg5 a6 
8. Na3 b5 9. Nd5 Be7 10. Bxf6 Bxf6 11. c3 O-O 12. Nc2 Bg5 13. a4 bxa4 14. 
Rxa4 a5 15. Bb5!? {Another attempt to struggle for advantage in the 
opening. By attacking the c6-pawn White intends to cause disharmony in the
opponent pieces' setup } 15. ... Bb7 16. Nce3 ( {Usual is} 16. O-O ) 
16. ... Bxe3 17. Nxe3 Ne7 18. O-O Rb8?! ( {No time loses} 18. ... Qb6 19. 
Qd3 Rfd8 20. Bc4 Bc6 21. Ra2 Qb7 {Black controls square d5.} ) 19. Qd3 Qb6
20. Bc4! {Consolidating position on the Q-side in time } ( 20. c4 Bc6! 21.
 b4 axb4 22. Qxd6 Bxb5 23. Qxb6 Rxb6 24. Rxb4 Bxc4 = ) 20. ... Bc6 ( 
20. ... Qxb2? 21. Rb1 Bxe4 22. Rxb2 Bxd3 23. Rxb8 Rxb8 24. Bxd3 ) 21. Ra2 
Rfd8 22. b3 += {White manages to fix a small but enduring advantage due to
his superior pawn structure } 22. ... Qc5 ( {Now} 22. ... Qb7 23. Nd5! 
Nxd5 ( 23. ... Bb5 24. Rxa5 {costs a pawn.} ) 24. exd5 Bb5 25. Rxa5 Bxc4 
26. bxc4 +/- ) 23. Rfa1 Ra8 24. h4! {Having bound the opponent with 
defence of his weaknesses on the Q-side, White opens a "second front" on 
the opposite area of the board } 24. ... h6?! ( {In G.Kasparov opinion, a 
pawn structure that is more favorable for Black on the K-side ensues after
} 24. ... h5! += ) 25. h5! { Seizing the space on the kingside and turning
the f7-, g7- and h6-squares into potential targets for his attacks} 
25. ... Bb7 26. Rd1 Bc6 27. Rda1 Bb7 28. Bd5! Bxd5 ( 28. ... Nxd5 29. exd5
Re8 30. Qd2 +/- {Black is in imminent danger of c3-c4 with the win of the 
a5-pawn} ) 29. exd5 Rdc8 30. b4 Qxc3 31. Qxc3 Rxc3 32. Rxa5 Rb8 ( 32. ... 
Rxa5 33. bxa5 +/- ) 33. Ra7 {Invasion of the rooks to the 7th rank ensures
White's decisive advantage in the endgame } 33. ... Kf8 34. Rd7 Nc8 ( 
34. ... Ke8 35. Rxd6 Rxb4 36. Rda6 +/- ) 35. Rd8+ Ke7 36. Rg8 Rxb4 37. Ra8
! Kd7 ( 37. ... Rc1+ 38. Kh2 Kd7 39. g3! +/- ) 38. Rxg7? ( 38. g3! +- ) 
38. ... Rc1+ 39. Kh2 Rf4 40. Ng4 Ne7 ( 40. ... Rf5!? 41. Kg3 Ne7 42. Nxh6 
Rxh5 43. Rxf7 Rxh6 44. Ra7+ Rc7 45. Rxc7+ Kxc7 46. Rxe7+ Kd8 47. Ra7 Rh1 
+/- ) 41. Ra7+ Ke8?? ( 41. ... Rc7 42. Rxc7+ Kxc7 43. Nxh6 Rh4+ 44. Kg1 
Rxh5 45. Nxf7 Kd7 {continues the fight.} 46. g4 Rh3 ( 46. ... Rh4 47. Kg2 
) 47. Ng5 Rd3 48. Ne4 Kd8 49. Nxd6 Rxd5 50. Ne4 +/- ) 42. g3 Rf5 43. Rh7 
Kf8 44. Ra8+ 1-0

[Event "Chelyabinsk 7.5"]
[Site "GER"]
[Date "2004.04.25"]
[Round "7.5"]
[White "Landa, Konstantin"]
[Black "Van Wely, Loek"]
[Result "1/2-1/2"]
[WhiteElo "2587"]
[BlackElo "2654"]
[EventDate "2003.11.01"]

1. e4 c5 2. Nf3 Nc6 3. d4 cxd4 4. Nxd4 Nf6 5. Nc3 e5 6. Ndb5 d6 7. Bg5 a6 
8. Na3 b5 9. Nd5 Be7 10. Bxf6 Bxf6 11. c3 Bg5 12. Nc2 O-O 13. a4 bxa4 14. 
Rxa4 a5 15. Bb5 Ne7 { A conceptual continuation. Hiding the knight from an
attack, Black exerts an immediate influence on the opponent's central 
outpost } 16. Nxe7+ ( {The continuation} 16. Ncb4 {will be dealt with in 
the next game} ) ( 16. Ncb4 Be6 17. Nxe7+ Qxe7 18. Bc6 Ra7 19. Nd5 Bxd5 
20. Bxd5 Rb8 21. Qa1 Qd7 22. O-O Qb5 23. b4 Bd8 24. c4 Qb6 25. Rd1 g6 26. 
g3 Kg7 27. Kg2 f6 28. Rd2 h5 29. Rda2 h4 30. bxa5 Qc5 {1-0(42) Tiviakov, 
Sergei (2567) - Hendriks, Richard (2098) / Zwolle KPMG Open (2), Zwolle 
NED 2000} ) 16. ... Qxe7 17. Nb4 { White knight still manages to thread 
its tactical way to d5. In such positions practically the only chance to 
struggle for an advantage for White is to establish the piece outpost on 
d5 } 17. ... Bg4! {n introduction to a tactical shootout that, in the end,
will neutralize White's strategic plans } ( 17. ... Be6 {Black is faced 
with an unpleasant defence in the middle game with bishops of opposite 
color } ) 18. Qa1 ( 18. Nd5 Bxd1 19. Nxe7+ Bxe7 20. Kxd1 Rfb8 21. c4 Bd8 )
18. ... Qb7! { A positional sacrifice of an exchange allows to exploit the
white king's central position and to display the activity of black bishops
} 19. Bc6 Qb6 20. Bxa8 Qb5! ( {Less precise is the effective} 20. ... Bd2+
21. Kf1 Qb5+ 22. Kg1 Rxa8 23. Nd5 {
and after h2-h3 white king makes itself quite comfortable on h2} ) 21. f3 
axb4 22. fxg4 Qd3 23. Qd1 Qe3+ 24. Qe2 ( 24. Kf1 Qf4+ 25. Kg1 Qe3+ ) 
24. ... Qc1+ 25. Qd1 Qe3+ 26. Qe2 Qc1+ 27. Qd1 Qe3+ 1/2-1/2

[Event "Chelyabinsk variation - 8"]
[Site "Pamplona ESP"]
[Date "2006.12.22"]
[Round "8"]
[White "Korneev, Oleg"]
[Black "Shirov, Alexei"]
[Result "0-1"]
[WhiteElo "2657"]
[BlackElo "2720"]
[EventDate "2006.12.22"]
[Annotator "Rogozenco"]

1. e4 c5 2. Nf3 Nc6 3. d4 cxd4 4. Nxd4 Nf6 5. Nc3 e5 6. Ndb5 d6 7. Bg5 a6 
8. Na3 b5 9. Nd5 Be7 10. Bxf6 Bxf6 11. c3 O-O 12. Nc2 Bg5 13. a4 bxa4 14. 
Rxa4 a5 15. Bb5 {The Smyslov variation is out of fashion these days. Black
has found clear ways to achieve a good play.} 15. ... Ne7 16. Ncb4 {White 
strives to hold the d5-square for himself } 16. ... Bh3! {Adorjan's idea 
to protect Ra8 with tempo was implemented for the first time in practice 
by Leko in 2001. It represents one of the continuations which offers Black
sufficient counterplay. 

An interesting resource suggested by the Hungarian GM A. Adorjan } ( {The 
continuation} 16. ... Bd7 =, quiet { has also acquired a reputation for 
being reliable enough } 17. Nxe7+ Bxe7 18. Nc6 ( 18. Bxd7 axb4 19. Bc6 
Rxa4 20. Qxa4 bxc3 21. bxc3 Qb8 22. O-O Bd8 { 1/2-1/2, Svidler P 2685 - 
Ivanchuk V 2715 , 2000 Polanica Zdroj} ) 18. ... Qe8! ( 18. ... Bxc6 19. 
Bxc6 Rb8 20. Ra2 Qb6 21. Bd5 += ) 19. Nxe7+ Qxe7 20. Bxd7 Qxd7 21. O-O {
1/2-1/2, Tiviakov S 2605 - Cifuentes Parada R 2490 , 2000 Hoogeveen (open)
} ) 17. Nxe7+ ( {As indicated by Leko, in case of} 17. gxh3 {the position 
of white king is rather alarming } 17. ... axb4 18. Nxb4 {Black achieves 
wonderful compensation for the pawn with} 18. ... Rxa4 19. Bxa4 f5 =/& ) 
17. ... Qxe7 18. Bc6 {The present game shows that ambitious play brings 
White only troubles.} ( {In the original game there followed } 18. Nd5 âŒ“
Qb7 19. Bc4 ( 19. c4 Be6 =, quiet ) 19. ... Bd7 ( 19. ... Be6 20. b3 += ) 
( 19. ... Bxg2?? 20. Rg1 ) 20. Ra2 =, quiet Kh8 21. O-O { with quite an 
adequate black play, Dominguez, L. 2596 - Leko, P. 2739 , 2001 Yerevan)} )
( 18. gxh3 axb4 19. Rxb4 Bf4 =/& ( 19. ... Qe6 =/& ) ) 18. ... Rac8 ( {
Another move order is also possible} 18. ... Bxg2 19. Rg1 Rac8 20. Rxa5 
Bh3 {is the same as 18...Rac8.} 21. Qh5 Bh4 ) 19. Rxa5 ( {Perhaps White 
should consider} 19. Nd5 Qd8 20. gxh3 Rxc6 21. Qg4 ~ {when the strong 
knight on d5 compensates for the poor pawn structure on the kingside. The 
king will go to g2. Comparing to the game it is more important for White 
here to exchange the light-squared bishops than to take the pawn on a5.} )
19. ... Bxg2 20. Rg1 Bh3 21. Qh5 ( 21. Ra6 Qf6! â†‘ 22. Qh5 â–³ Bh4 -/+ ) 
( 21. Nd5 Qd8 22. Ra6 g6 ( 22. ... Bh4!? ) 23. b4 f5 24. Qb3 Kh8 25. c4 
Bg4 26. b5 Bh4 27. Ra2 Qg5 28. Qc3 Qh5 29. h3 Bf3 ( 29. ... Bxh3? 30. Nf4 
+- {1-0 Zinchenko,Y (2352)-Viliavin,R/ Alushta 2004 (40)} ) 30. Nf4 Qh6 
31. Qxf3 ( 31. Ne6? fxe4! 32. Nxf8 Rxf8 =/& 33. Ra8 â–³ Rxa8 34. Bxa8 Bd8 
-+ ) 31. ... fxe4 32. Qe3 Rxf4 33. Rg4 ~ {/=} ) 21. ... Bh4 22. Qh6 ( 22. 
Nd5 Qd8 23. Qh6 g6 24. Ra6 Be6 =+ ) 22. ... g6 23. Qe3 {Although played 
several times before, this is a rather strange retreat. On h6 the queen 
was at least exerting some pressure on Black's position. The maneuver 
Qd1-h5-h6-e3 turns out to be a waste of time now.} ( 23. Ra6 âŒ“ Be6 24. 
Nd5 Qd8 25. Ke2 ~ {1/2-1/2 Moeller,R-Gross,K/ DESC email 2001 (40)} ) 
23. ... Be6 24. Ra7 Qf6! N {After this novelty it becomes clear that White
is worse due to the difficulty to find a safe place for his king.} ( {
Previously Black played} 24. ... Rc7 25. Nd5! Bxd5 26. Rxc7 Qxc7 27. Bxd5 
{which is about equal.} 27. ... Rb8 28. b4 += Rc8 29. c4 Qb8 30. b5 Bd8 
31. Ke2 Bb6 32. Qh3 Rc7 33. Rg3 Ra7 34. Qg4 Qd8 35. h4 h5 36. Qh3 Bc5 37. 
Kf1 Bb6 38. Kg2 Bc5 { 1/2-1/2, Romanov Evgeny (RUS) 2329 - Zhygalka 
Siarhei (BLR) 2302, Peniscola (Spain) 2002)} ) 25. Bd5 ( {After} 25. Nd5 
Qd8 {White's pieces lack coordination, while Black can choose the right 
moment for active play with ...f5.} ) 25. ... Rb8! {An outwardly 
inconspicious but multi-purpose move. Black vacates the c8-square for 
bringing his king rook into play, and also creates potential oppotunities 
for sacrifice of an exchange on b4 and for transfer of his dark-squared 
bishop via d8 to b6 } 26. Ra6 ( 26. Bxe6 fxe6 -/+ ) 26. ... Rfc8 27. Rc6 {
By exchanging a pair of rooks White seeks to reduce the danger of an 
exchange sacrifice on b4 } ( 27. Bxe6 fxe6 -/+ 28. Rxd6 â–³ Rxb4 29. cxb4 
Bxf2+ 30. Qxf2 Rc1+ -+ ) ( 27. Rxd6? Rxb4 28. cxb4 Bxf2+! 29. Qxf2 Rc1+ ) 
27. ... Rxc6 28. Bxc6 h5 -/+ {Gaining more space on the kingside (square 
g4). White's position is difficult: with the bishop pair, active pieces 
and plenty of targets for attack in opponent's weak pawn structure secures
Black a very easy play.} 29. Bd5 ( 29. h3 {runs into} 29. ... Bxh3 ( {it 
is also not clear what to do after a move like} 29. ... Kh7 -/+ ) 30. Nd5 
( 30. Qxh3 Qxf2+ -+ ) 30. ... Qe6 ) 29. ... Bg4! {Once again we see a 
typical tactical method: White completely cedes the d5-square to his 
opponent and tries to bypass white centralized pieces from flanks } 30. 
Kf1 Kg7 31. Ke1 {The rest is a massacre.} ( 31. Kg2 Bxf2 32. Qxf2 Bh3+ 33.
 Kg3 h4+ ) ( 31. Bc6 Qf3! 32. Qxf3 Bxf3 33. Ke1 g5 34. Kd2 g4 35. Nd3 f5! 
-/+ ) 31. ... Bg5 -+ 32. Qg3 ( 32. Qd3 Qf4 -+ ) 32. ... Bf4 {The outcome 
of the game is decided in favor of Black by the activity of black bishops,
white king's unstable position and the g1-rook's lack of prospects } 33. 
Qd3 Bxh2 34. Rh1 Qg5 ( {The direct} 34. ... Bf4 {is of course completely 
winning too.} ) 35. Kf1 Bf4 36. f3 Bd7 37. Qc2 Rxb4! {Ending White's 
nightmare. A sacrifce of an exchange allows black knight to deliver a 
decisive blow along the a6-f1 diagonal } 38. cxb4 Qg3 39. Qe2 Be3! {
Threatening 40...Bb5 followed by the mate on f2.} 40. b3 ( 40. Qxe3 Bb5+ )
40. ... Bh3+ ( 40. ... Bh3+ 41. Rxh3 Qg1# ) 0-1

[Event "Chelyabinsk 14.5"]
[Site "Vrsac SRB"]
[Date "1979.??.??"]
[Round "14.5"]
[White "Bronstein, David I"]
[Black "Vukic, Milan"]
[Result "1-0"]
[WhiteElo "2555"]
[BlackElo "2485"]
[EventDate "1979.09.07"]

1. e4 c5 2. Nf3 e6 3. d4 cxd4 4. Nxd4 Nf6 5. Nc3 Nc6 6. Ndb5 d6 7. Bf4 e5 
8. Bg5 a6 9. Na3 b5 10. Bxf6 gxf6 11. Nd5 {As a conclusion of our journey 
along the labyrinths of the Cheliabinsk Variation we will get acquainted 
with an original double-edged interpretation of the position associated 
with white minor piece sacrifice on the b5-square} 11. ... f5 12. Nxb5!? 
axb5 13. Bxb5 Bd7 14. exf5 { For the moment White has for his piece 3 
pawns and a favorable endgame with dangerous passed pawns on the Q-side in
prospect. However, it should be kept in mind that in the middle game a 
piece can carry more weight than pawns } 14. ... Rb8 ( {In the following 
game the development was somewhat peculiar:} 14. ... Bg7 15. a4 Nd4 16. 
Bxd7+ Qxd7 17. c3 Qb7 18. Ne3 Bh6! {and, having won back a piece, Black 
organizes efficient counterplay against white king } 19. cxd4 Bxe3 20. 
fxe3 Qxg2 21. Rf1 Qxb2 {1/2-1/2 Nunn, John D M (2515) - Adorjan, Andras 
(2550) / EU Team Ch (Men) 07th (7.3), Skara SWE 1980} ) 15. a4 Qg5 16. g4!
{Played in the spirit of the King's Gambit variations! White fortifies the
f5-pawn that hinders the opponent's pieces and prepares seizing of the 
space on the K-side by way of h2-h4 } ( 16. Ne3 Nd4 17. Bxd7+ Kxd7 { There
ensued a complicated situation, although later thr luck on the side of 
Black's: } 18. Qd3 Bg7 19. O-O Rhc8 20. a5 Rb4 21. Kh1 e4 22. Qa3 Nc6 23. 
c3 Rb5 24. b4 Be5 += { 0-1, Bronstein David I (RUS) 2560 - Kim V (RUS) 
2200, Daugavpils (Latvia) 1978)} ) 16. ... Qh4 { Impeding the h2-h4 
advance} ( 16. ... h5?! 17. h4 Qd8 ( 17. ... hxg4? 18. hxg5 Rxh1+ 19. Bf1 
) 18. g5 +/- ) 17. Qd3 Bh6 ( {Black used also to try and leave his king in
the center} 17. ... Kd8!? { Further one of the GM games continued in the 
following way: } 18. Qc4 Rg8 19. h3 Bh6 20. Bxc6 Rc8 21. Nb4 Be3 22. Qe2 
Bxc6 23. Nxc6+ Rxc6 24. Qxe3 Rxg4 25. O-O-O Rxa4 26. b3 Ra2 27. Kb1 Raxc2 
28. Rxd6+ Rxd6 29. Kxc2 Qf6 30. Qe4 Rc6+ 31. Kb1 Qd6 {1/2-1/2(41) Byrne, 
Robert E (2530) - Vasiukov, Evgeni (2545) / Reykjavik (?), Reykjavik ISL 
1980} ) 18. c3 { Restricting the c6-knight mobility} 18. ... O-O 19. Qg3! 
{ With this maneuver White stresses the weight of his positional trumps 
for an endgame exactly } 19. ... Bg5 20. b4 ( 20. Qxh4!? Bxh4 21. g5 Kh8! 
22. Nf6 Bxf5 23. Bxc6 Rxb2 {black pieces would have broken free} ) 20. ...
 Kh8 21. Qxh4 Bxh4 22. O-O-O Rfc8?! ( {D.Bronstein recommends the 
continuation} 22. ... Rfe8 { with an idea of obtaining counterplay by 
means of the e5-e4 advance} ) 23. Kb2 Kg7 ( 23. ... Nxb4 24. cxb4 Bxb5 25.
 axb5 Rxb5 26. Kb3 +/- ) ( 23. ... e4!? ) 24. f3 Be8? ( 24. ... h6 ) 25. 
g5! { Suddenly White manages to get an attack against the opponent's king 
} 25. ... Bxg5 ( 25. ... h6 26. Nf6 ) 26. Rhg1 Kh6 ( 26. ... h6 27. h4 ) 
27. h4 Bd8 ( 27. ... Bxh4 28. Rg4 ) 28. Ne3! Kh5 ( 28. ... Be7 29. Rxd6+! 
f6 ( 29. ... Bxd6 30. Rg5 +- ) 30. Re6 Rb7 31. Ng4+ Kh5 32. Rxf6 Bxf6 33. 
Nxf6+ Kxh4 34. Rg4+ Kh3 35. Bf1+ Kh2 36. Rg2+ Kh3 37. Ne4 Nxb4 38. Rf2+ 
Kh4 39. Rh2# ) ( 28. ... f6 29. Rxd6 Kh5 30. Ng4 +- ) 29. f6 h6 ( 29. ... 
Bxf6 30. Rxd6 Bxh4 31. Nf5 Bg5 32. f4 exf4 33. Be2+ +-- ) 30. Nf5 ( 30. 
Be2 Nd4 31. Rxd4 exd4 32. f4+ Kxh4 33. Nf5+ Kh3 34. Bf3 dxc3+ 35. Kc2 +- )
30. ... Bd7 31. Ng7+ Kxh4 32. Rd2 1-0